Manual of Land Revenue Laws: (Record no. 592419)
[ view plain ]
| 000 -LEADER | |
|---|---|
| fixed length control field | 00458nam a22001217a 4500 |
| 082 ## - DEWEY DECIMAL CLASSIFICATION NUMBER | |
| Classification number | 343.5491054 |
| Author Mark | IRF |
| 100 ## - MAIN ENTRY--PERSONAL NAME | |
| Personal name | Irfan Ul Haq, Muhammad |
| 245 ## - TITLE STATEMENT | |
| Title | Manual of Land Revenue Laws: |
| Remainder of title | west Pakistan | Punjab | Sindh | Baluchistan and Khyber Pakhtunkhwa with all amendments and up to date case laws / |
| Statement of responsibility, etc. | Muhammad Irfan Ul Haq |
| 260 ## - PUBLICATION, DISTRIBUTION, ETC. | |
| Place of publication, distribution, etc. | Lahore : |
| Name of publisher, distributor, etc. | Al-Haq Law Book Center, |
| Date of publication, distribution, etc. | 2022. |
| 300 ## - PHYSICAL DESCRIPTION | |
| Extent | 1282 p. ; |
| Dimensions | 24 cm. |
| 563 ## - BINDING INFORMATION | |
| Binding note | HBK. |
| 942 ## - ADDED ENTRY ELEMENTS (KOHA) | |
| Source of classification or shelving scheme | |
| Koha item type | Book |
| Withdrawn status | Lost status | Source of classification or shelving scheme | Damaged status | Not for loan | Permanent Location | Current Location | Shelving location | Date acquired | Source of acquisition | Full call number | Barcode | Date last seen | Price effective from | Koha item type |
|---|---|---|---|---|---|---|---|---|---|---|---|---|---|---|
| NUST Law School (NLS) | NUST Law School (NLS) | Law | 11/20/2022 | Pakistan Law House | 343.5491054 IRF | CL-1341 | 11/20/2022 | 11/20/2022 | Book | |||||
| NUST Law School (NLS) | NUST Law School (NLS) | Law | 11/20/2022 | Pakistan Law House | 343.5491054 IRF | CL-1342 | 11/20/2022 | 11/20/2022 | Book |
